Principles of environmental science: (Record no. 3566)

000 -LEADER
fixed length control field 00601nam a22001697a 4500
008 - FIXED-LENGTH DATA ELEMENTS--GENERAL INFORMATION
fixed length control field 150826b xxu||||| |||| 00| 0 eng d
020 ## - INTERNATIONAL STANDARD BOOK NUMBER
International Standard Book Number 0072823399
050 ## - LIBRARY OF CONGRESS CALL NUMBER
Classification number GE 105 .865 2006
100 ## - MAIN ENTRY--PERSONAL NAME
Personal name Cunningham, William P.
Dates associated with a name 2006.
245 ## - TITLE STATEMENT
Title Principles of environmental science:
Remainder of title Inquiry and applications.
Statement of responsibility, etc. William P. Cunningham; Mary A. Cunningham.
250 ## - EDITION STATEMENT
Edition statement 3rd ed.
260 ## - PUBLICATION, DISTRIBUTION, ETC. (IMPRINT)
Place of publication, distribution, etc. New York;
Name of publisher, distributor, etc. McGraw Hill,
Date of publication, distribution, etc. 2006.
300 ## - PHYSICAL DESCRIPTION
Extent xviii, 428 p. : ill.
Other physical details Includes index.
650 ## - SUBJECT ADDED ENTRY--TOPICAL TERM
Topical term or geographic name as entry element Environmental sciences.
700 ## - ADDED ENTRY--PERSONAL NAME
Personal name Cunningham, Mary Ann.
942 ## - ADDED ENTRY ELEMENTS (KOHA)
Source of classification or shelving scheme
Koha item type Hard Covered Materials
Classification part GE 105 .865 2006
Holdings
Withdrawn status Lost status Source of classification or shelving scheme Damaged status Not for loan Home library Current library Date acquired Source of acquisition Total Checkouts Full call number Barcode Date last seen Date last checked out Price effective from Koha item type
          MACHAKOS UNIVERSITY LIBRARY MACHAKOS UNIVERSITY LIBRARY 26/08/2015 Donation (B.F.A) 1 GE 105 .865 2006 7728 07/06/2019 11/04/2016 26/08/2015 Hard Covered Materials
© Machakos University Library, Along The Highway, Machakos Wote Rd, Machakos, Kenya P.O. Box 136 - 90100 Machakos - Kenya

Tel: ( +254 ) 723 805829 OR Fax : 044-20353 OR Email: library@mksu.ac.ke